| 000 | 00755cab a2200205 4500 | ||
|---|---|---|---|
| 001 | L130866 | ||
| 008 | 050908n2005 000 0 eng u | ||
| 035 | _a(Sirsi) u130866 | ||
| 041 | 0 | _aeng | |
| 100 | 1 | _aRawlinson, Simon | |
| 245 | 0 | 0 | _aFair trade? |
| 260 | _c2005 | ||
| 490 | 0 |
_aRICS Business _vSeptember 2005, 34-35(2) |
|
| 520 | _aLooks at how clients and consultants can keep bidding for construction work above board following the Office of Fair Trading's (OFT) recent clampdown on cartels. Discusses the effect of the Competition Act 2000 and the work of the OFT in enforcing the Act. | ||
| 590 | _aIKA130905 | ||
| 650 | 2 | 4 | _aCOMPETITION ACT 2000 |
| 650 | 2 | 4 | _aENTERPRISE ACT 2002 |
| 690 | _aMANAGEMENT-BUSINESS MANAGEMENT | ||
| 942 | _n0 | ||
| 999 |
_c75850 _d75850 |
||